[Event "Vojvodina op 9th"]
[Site "Novi Sad"]
[Date "2018.07.27"]
[Round "9"]
[White "Ilijc, Milan"]
[Black "Zegarac, Vuk"]
[Result "0-1"]
[WhiteElo "2122"]
[BlackElo "2257"]
[PlyCount "25"]
[EventDate "2018.07.22"]
[EventType "swiss"]
[EventRounds "9"]
[EventCountry "YUG"]
[SourceTitle "CBM 185 Extra"]
[Source "ChessBase"]
[SourceDate "2018.07.29"]
[SourceVersion "1"]
[SourceVersionDate "2018.07.29"]
[SourceQuality "1"]

1. c4 e5 2. g3 Nc6 3. Bg2 Bc5 4. Nc3 a6 5. Nf3 d6 6. 0-0 Nge7 7. e3 Ba7 8. d4 0-0 9. d5 Nb8 10. e4 h6 11. Na4 f5 12. exf5 Nxf5 13. Nc3 0-1

[Event "Vojvodina op 9th"]
[Site "Novi Sad"]
[Date "2018.07.24"]
[Round "4"]
[White "Budisavljevic, Luka"]
[Black "Ilijc, Milan"]
[Result "1-0"]
[WhiteElo "2324"]
[BlackElo "2122"]
[PlyCount "73"]
[EventDate "2018.07.22"]
[EventType "swiss"]
[EventRounds "9"]
[EventCountry "YUG"]
[SourceTitle "CBM 185 Extra"]
[Source "ChessBase"]
[SourceDate "2018.07.29"]
[SourceVersion "1"]
[SourceVersionDate "2018.07.29"]
[SourceQuality "1"]

1. d4 Nf6 2. c4 g6 3. Nc3 Bg7 4. Nf3 0-0 5. Bf4 c5 6. e3 b6 7. h3 cxd4 8. exd4 Bb7 9. d5 d6 10. Be2 Nbd7 11. Nd4 Rc8 12. 0-0 Re8 13. Rc1 Ne5 14. b3 e6 15. dxe6 fxe6 16. Ndb5 Nf7 17. Nxd6 Nxd6 18. Qxd6 e5 19. Qxd8 Rcxd8 20. Be3 e4 21. Rfd1 Bf8 22. Nb5 Rxd1+ 23. Rxd1 Ra8 24. Bg5 Ne8 25. Rd7 a6 26. Nc7 Nxc7 27. Rxc7 Bc8 28. Be3 b5 29. cxb5 axb5 30. Bxb5 Be6 31. Rc2 Rd8 32. Bc4 Kf7 33. Rd2 Rc8 34. Rd7+ Be7 35. Bg5 Re8 36. Bxe6+ Kxe6 37. Rxe7+ 1-0

[Event "EU-chT Seniors 65"]
[Site "Novi Sad"]
[Date "2017.07.02"]
[Round "8.1"]
[White "Rooze, Jan"]
[Black "Ilijc, Milan"]
[Result "1/2-1/2"]
[WhiteElo "2301"]
[BlackElo "2131"]
[PlyCount "175"]
[EventDate "2017.06.25"]
[EventType "team-tourn"]
[EventRounds "9"]
[EventCountry "SRB"]
[SourceTitle "CBM 179 Extra"]
[Source "ChessBase"]
[SourceDate "2017.08.23"]
[SourceVersion "1"]
[SourceVersionDate "2017.08.23"]
[SourceQuality "1"]
[WhiteTeam "Belgium 65"]
[BlackTeam "Serbia Gerontologic Centar 65"]
[WhiteTeamCountry "BEL"]
[BlackTeamCountry "SRB"]

1. e4 d6 2. d4 Nf6 3. Nc3 g6 4. Be3 Bg7 5. Qd2 Ng4 6. Bg5 h6 7. Bh4 g5 8. Bg3 e5 9. Nf3 exd4 10. Nxd4 Nc6 11. Bb5 Bd7 12. Nf5 Bxf5 13. exf5 0-0 14. Be2 Re8 15. 0-0 Nge5 16. Rad1 Nd7 17. Nd5 Nc5 18. c3 Ne4 19. Qc2 Qd7 20. Bd3 Nf6 21. Nxf6+ Bxf6 22. Be4 Re7 23. f3 Rae8 24. Bf2 a6 25. c4 b6 26. Rd2 Ne5 27. Kh1 Qc8 28. b3 a5 29. Rfd1 Kg7 30. h3 Rh8 31. g3 Nd7 32. f4 Rhe8 33. Bf3 Nc5 34. fxg5 hxg5 35. Bd4 Bxd4 36. Rxd4 Re3 37. Bc6 R8e5 38. f6+ Kxf6 39. Rf1+ Rf5 40. Rdd1 Rxg3 41. Bg2 Rf4 42. Qh7 Qf5 43. Qh8+ Ke7 44. Rde1+ Ne6 45. Kh2 Rd3 46. Qc8 Rd2 47. Kh1 Qc5 48. Bd5 Rxf1+ 49. Rxf1 Rxd5 50. cxd5 Qxd5+ 51. Kh2 Qd2+ 52. Kh1 Qe2 53. Kg1 Qxa2 54. Qg8 Nd8 55. Qxg5+ Kd7 56. Qf5+ Kc6 57. Qc8 Ne6 58. Qa8+ Kb5 59. Qd5+ Nc5 60. Rxf7 Qb1+ 61. Kg2 Qg6+ 62. Kf3 Ka6 63. Rxc7 Qf6+ 64. Kg4 Qg6+ 65. Kf3 Qf6+ 66. Kg4 Qg6+ 67. Kf4 Qh6+ 68. Kg4 Qg6+ 69. Kf3 Qh6 70. Qc4+ b5 71. Rc6+ Ka7 72. Qxb5 Qxh3+ 73. Ke2 Qg2+ 74. Kd1 Qf3+ 75. Kc2 Qf5+ 76. Kd1 Qb1+ 77. Ke2 Qc2+ 78. Kf1 Qd1+ 79. Kg2 Qc2+ 80. Kg1 Qd1+ 81. Kg2 Qg4+ 82. Kf1 Qf5+ 83. Kg2 Qg5+ 84. Kf3 Qf5+ 85. Kg2 Qg5+ 86. Kf3 Qh5+ 87. Kg2 Qg5+ 88. Kf3 1/2-1/2

[Event "Novi Sad Serbian op"]
[Site "Novi Sad"]
[Date "2016.11.07"]
[Round "3"]
[White "Ilijc, Milan"]
[Black "Thesing, Matthias"]
[Result "0-1"]
[WhiteElo "2170"]
[BlackElo "2337"]
[PlyCount "90"]
[EventDate "2016.11.06"]
[EventType "swiss"]
[EventRounds "9"]
[EventCountry "SRB"]
[SourceTitle "CBM 175 Extra"]
[Source "ChessBase"]
[SourceDate "2016.12.12"]
[SourceVersion "1"]
[SourceVersionDate "2016.12.12"]
[SourceQuality "1"]

1. c4 c5 2. Nc3 e6 3. g3 d5 4. cxd5 exd5 5. d4 cxd4 6. Qxd4 Be6 7. Bg2 Nc6 8. Qa4 Nf6 9. Bg5 Be7 10. Rd1 0-0 11. Nf3 Qb6 12. Bc1 Rfd8 13. 0-0 d4 14. Nb5 Bc5 15. Bf4 Rac8 16. Ne5 Nxe5 17. Bxe5 Bd7 18. b4 Be7 19. Bxd4 Qxb5 20. Qxa7 Bc6 21. Bxc6 Qxc6 22. b5 Qxb5 23. Rb1 Qd5 24. e3 Rd7 25. Rfc1 Rxc1+ 26. Rxc1 h6 27. Rc8+ Kh7 28. Qa4 Rd8 29. Rc7 Bd6 30. Qc2+ Kg8 31. Rc4 Qe6 32. Qb3 Ne4 33. Qd3 Nd2 34. Rc1 Nf3+ 35. Kg2 Ng5 36. Qe2 Ra8 37. Rc2 Qe4+ 38. f3 Nxf3 39. Kf2 Nxd4 40. exd4 Qxd4+ 41. Kg2 Qd5+ 42. Kf2 Bc5+ 43. Ke1 Qh1+ 44. Kd2 Bb4+ 45. Kd3 Qd5+ 0-1

[Event "Belgrade-chT"]
[Site "Belgrade"]
[Date "2014.11.01"]
[Round "9"]
[White "Klasan, Vladimir"]
[Black "Ilijc, Milan"]
[Result "1-0"]
[WhiteElo "2364"]
[BlackElo "2198"]
[PlyCount "67"]
[EventDate "2014.10.04"]
[EventType "team-tourn"]
[EventRounds "13"]
[EventCountry "SRB"]
[SourceTitle "EXT 2015"]
[Source "ChessBase"]
[SourceDate "2014.11.20"]
[SourceVersion "1"]
[SourceVersionDate "2014.11.20"]
[SourceQuality "1"]

1. e4 d6 2. Bc4 Nf6 3. d3 g6 4. Nf3 Bg7 5. 0-0 0-0 6. Bb3 c6 7. c3 e5 8. Re1 h6 9. Nbd2 Nbd7 10. d4 Qe7 11. Nc4 Ne8 12. Be3 Kh7 13. Qd2 Nb8 14. dxe5 dxe5 15. Rad1 b5 16. Nd6 Bg4 17. a4 Nc7 18. Qe2 a6 19. c4 bxa4 20. Bxa4 Ne6 21. h3 Bxf3 22. Qxf3 c5 23. Rd5 Nd4 24. Bxd4 exd4 25. e5 Qc7 26. Qa3 Qa5 27. Kf1 Qd2 28. Ne4 Qf4 29. g3 Qf5 30. Kg2 Ra7 31. Qxc5 Rb7 32. Nd6 Nd7 33. Qc6 Rxb2 34. Nxf5 1-0

[Event "Belgrade City-chT"]
[Site "Belgrade"]
[Date "2013.11.12"]
[Round "8"]
[White "Ilijc, Milan"]
[Black "Todic, Zoran"]
[Result "1/2-1/2"]
[WhiteElo "2203"]
[BlackElo "2254"]
[PlyCount "80"]
[EventDate "2013.10.26"]
[EventType "team-tourn"]
[EventRounds "11"]
[EventCountry "SRB"]
[SourceTitle "EXT 2015"]
[Source "ChessBase"]
[SourceDate "2014.11.20"]
[SourceVersion "1"]
[SourceVersionDate "2014.11.20"]
[SourceQuality "1"]

1. c4 e5 2. g3 c6 3. Bg2 Nf6 4. Nc3 d6 5. e3 Be7 6. Nge2 a5 7. 0-0 h5 8. d4 Nbd7 9. e4 h4 10. Bg5 Nh7 11. Be3 g5 12. Qd2 Rg8 13. Rad1 Nhf8 14. dxe5 dxe5 15. Bh3 Qc7 16. Bf5 Nc5 17. Nc1 Be6 18. b3 Nfd7 19. Nd3 Nxd3 20. Qxd3 Nc5 21. Qe2 g4 22. Qc2 Rd8 23. Kg2 Rh8 24. Qe2 Rg8 25. f3 Rxd1 26. Rxd1 hxg3 27. hxg3 Bxf5 28. exf5 gxf3+ 29. Qxf3 e4 30. Qf4 Qxf4 31. Bxf4 Bg5 32. Bd6 Bf6 33. Bxc5 Bxc3 34. Bd4 Bb4 35. Bf6 Be7 36. Bxe7 Kxe7 37. Re1 Kf6 38. Rxe4 Rd8 39. Kf3 Rd2 40. g4 Rxa2 1/2-1/2

[Event "Belgrade City-chT"]
[Site "Belgrade"]
[Date "2013.11.10"]
[Round "6"]
[White "Ilijc, Milan"]
[Black "Milekic, Daniel"]
[Result "0-1"]
[WhiteElo "2203"]
[BlackElo "2224"]
[PlyCount "86"]
[EventDate "2013.10.26"]
[EventType "team-tourn"]
[EventRounds "11"]
[EventCountry "SRB"]
[SourceTitle "EXT 2015"]
[Source "ChessBase"]
[SourceDate "2014.11.20"]
[SourceVersion "1"]
[SourceVersionDate "2014.11.20"]
[SourceQuality "1"]

1. c4 c6 2. b3 d5 3. Bb2 Nf6 4. Nf3 Bg4 5. h3 Bxf3 6. gxf3 Nbd7 7. f4 e6 8. e3 g6 9. Be2 Bg7 10. Qc2 0-0 11. d3 Ne8 12. h4 Bxb2 13. Qxb2 Qf6 14. Qxf6 Ndxf6 15. h5 Ng7 16. hxg6 hxg6 17. Nd2 Nf5 18. Nf3 Kg7 19. Ne5 Rh8 20. Kd2 Rad8 21. cxd5 exd5 22. Rag1 Nd6 23. a4 a5 24. Bf3 Rxh1 25. Rxh1 Ra8 26. Rc1 Kf8 27. Kc3 Ke7 28. Rh1 Rd8 29. b4 axb4+ 30. Kxb4 Ra8 31. Ra1 Rh8 32. a5 Nd7 33. Bg4 Nb8 34. Kc5 Rh2 35. Ra2 Rh1 36. Kb6 Rc1 37. d4 Kd8 38. Nd3 Rb1+ 39. Ka7 Kc7 40. Nc5 Nb5+ 41. Ka8 Rh1 42. Be2 Rh8 43. Bxb5 cxb5 0-1

[Event "Belgrade-chT"]
[Site "Belgrade"]
[Date "2012.10.03"]
[Round "3.5"]
[White "Hrzic, Ivan"]
[Black "Ilijc, Milan"]
[Result "0-1"]
[WhiteElo "2290"]
[BlackElo "2225"]
[PlyCount "50"]
[EventDate "2012.10.01"]
[EventType "team-tourn"]
[EventRounds "11"]
[EventCountry "SRB"]
[SourceTitle "CBM 150 Extra"]
[Source "ChessBase"]
[SourceDate "2012.10.19"]
[SourceVersion "1"]
[SourceVersionDate "2012.10.19"]
[SourceQuality "1"]
[WhiteTeam "Belgrade Polet"]
[BlackTeam "Belgrade Cukaricki"]
[WhiteTeamCountry "SRB"]
[BlackTeamCountry "SRB"]

1. e4 d6 2. d4 Nf6 3. Nc3 g6 4. Bg5 Bg7 5. Qd2 h6 6. Bh4 g5 7. Bg3 Nh5 8. 0-0-0 c6 9. Kb1 Qa5 10. f3 Nxg3 11. hxg3 b5 12. f4 b4 13. Nce2 g4 14. Nc1 Qb6 15. e5 Be6 16. exd6 exd6 17. Rh5 Nd7 18. d5 Bxd5 19. Qe2+ Kf8 20. Rh1 Nf6 21. Nd3 Re8 22. Qd2 Ne4 23. Qc1 Qa5 24. c4 bxc3 25. b3 Nd2+ 0-1

[Event "Vojvodina-ch 3rd"]
[Site "Novi Sad"]
[Date "2012.07.04"]
[Round "8"]
[White "Ilijc, Milan"]
[Black "Jovic, Stevan"]
[Result "0-1"]
[WhiteElo "2218"]
[BlackElo "2262"]
[PlyCount "120"]
[EventDate "2012.06.29"]
[EventType "swiss"]
[EventRounds "9"]
[EventCountry "SRB"]
[SourceTitle "CBM 149 Extra"]
[Source "ChessBase"]
[SourceDate "2012.08.24"]
[SourceVersion "1"]
[SourceVersionDate "2012.08.24"]
[SourceQuality "1"]

1. c4 c6 2. b3 d5 3. Bb2 Nf6 4. Nf3 Bg4 5. e3 Nbd7 6. Be2 e6 7. 0-0 Bd6 8. d3 0-0 9. Nc3 Rc8 10. Re1 Bb8 11. h3 Bh5 12. Rc1 Qc7 13. g3 Ne5 14. Nxe5 Qxe5 15. Bxh5 Qxh5 16. Qxh5 Nxh5 17. g4 Nf6 18. Ne2 Nd7 19. Red1 h5 20. gxh5 Kh7 21. f4 Nf6 22. Ng3 Kh6 23. Kf2 Rg8 24. Rg1 Rcd8 25. Rcd1 d4 26. Bxd4 Bxf4 27. Ne2 Bg5 28. a4 a6 29. Be5 Nxh5 30. d4 Rd7 31. Rg4 Nf6 32. Bxf6 Bxf6 33. Nc3 Be7 34. e4 f5 35. exf5 exf5 36. Rf4 Rf8 37. d5 g5 38. Rf3 Bc5+ 39. Kg2 Re7 40. Rfd3 Kg6 41. R1d2 Rfe8 42. dxc6 bxc6 43. Rd7 Bb4 44. Rxe7 Rxe7 45. Rd3 Bxc3 46. Rxc3 Re2+ 47. Kf3 Rb2 48. Rd3 Kh5 49. c5 a5 50. Rc3 f4 51. Rd3 Kh4 52. Ke4 Rh2 53. b4 axb4 54. Rb3 Rxh3 55. Rxh3+ Kxh3 56. a5 b3 57. Kd3 f3 58. a6 f2 59. Ke2 b2 60. a7 b1Q 0-1

[Event "Belgrade tt Cup"]
[Site "Belgrade"]
[Date "2011.04.16"]
[Round "4"]
[White "Ilijc, Milan"]
[Black "Radivojevic, Milan R"]
[Result "0-1"]
[WhiteElo "2203"]
[BlackElo "2288"]
[PlyCount "54"]
[EventDate "2011.04.13"]
[EventType "team-tourn"]
[EventRounds "5"]
[EventCountry "SRB"]
[SourceTitle "CBM 141 Extra"]
[Source "ChessBase"]
[SourceDate "2011.05.03"]
[SourceVersion "1"]
[SourceVersionDate "2011.05.03"]
[SourceQuality "1"]

1. c4 c6 2. b3 d5 3. Bb2 Bf5 4. Nf3 e6 5. g3 h6 6. Bg2 Nf6 7. 0-0 Nbd7 8. d3 Be7 9. Nc3 0-0 10. Qc2 Bh7 11. Rad1 a5 12. e4 dxe4 13. dxe4 Qc7 14. Rfe1 Rfd8 15. h3 Nc5 16. Nd4 Rd7 17. Rd2 Rad8 18. Red1 Bf8 19. Kh2 e5 20. Nf5 Rxd2 21. Rxd2 Rxd2 22. Qxd2 Nfxe4 23. Nxe4 Bxf5 24. Nxc5 Bxc5 25. Bc3 b6 26. Qe2 Bd4 27. Qf3 Bb1 0-1

[Event "SRB-chT quality"]
[Site "Belgrade"]
[Date "2010.10.17"]
[Round "4"]
[White "Hrzic, Ivan"]
[Black "Ilijc, Milan"]
[Result "1/2-1/2"]
[WhiteElo "2273"]
[BlackElo "2200"]
[PlyCount "120"]
[EventDate "2010.10.09"]
[EventType "team-tourn"]
[EventRounds "11"]
[EventCountry "YUG"]
[SourceTitle "EXT 2011"]
[Source "ChessBase"]
[SourceDate "2010.11.26"]
[SourceVersion "1"]
[SourceVersionDate "2010.11.26"]
[SourceQuality "1"]

1. e4 d6 2. d4 Nf6 3. Nc3 g6 4. Nf3 Bg7 5. h3 a6 6. a4 b6 7. Bd3 Bb7 8. Qe2 0-0 9. 0-0 Nc6 10. e5 dxe5 11. dxe5 Nd5 12. Bc4 Nxc3 13. bxc3 Na5 14. Ba2 c5 15. Bf4 Qc7 16. Nd2 Qc6 17. f3 b5 18. c4 bxa4 19. Ne4 Qc7 20. Nf2 Nc6 21. Nd3 Nd4 22. Qf2 Ne6 23. Bh2 Rfd8 24. Rab1 Rd7 25. Rb2 Qa5 26. Rfb1 Bc6 27. Rb6 Rc8 28. Bg3 Nd4 29. Bf4 Bb5 30. Nxc5 Qxb6 31. Nxd7 Ne2+ 32. Kf1 Qxf2+ 33. Kxf2 Nxf4 34. cxb5 axb5 35. c4 bxc4 36. Bxc4 Rxc4 37. Rb8+ Bf8 38. Rxf8+ Kg7 39. e6 fxe6 40. Re8 Rc2+ 41. Kg3 Nd5 42. Ra8 Ra2 43. Nc5 a3 44. Nxe6+ Kf6 45. Nd4 Ne3 46. f4 Nf5+ 47. Nxf5 Kxf5 48. Ra6 Ra1 49. Kf3 e6 50. Ra7 Kf6 51. g3 h6 52. Kg4 g5 53. fxg5+ hxg5 54. Ra5 Ra2 55. Rxg5 Rf2 56. Ra5 a2 57. h4 e5 58. Ra6+ Ke7 59. h5 e4 60. h6 e3 1/2-1/2

[Event "SRB-chT quality"]
[Site "Belgrade"]
[Date "2010.10.09"]
[Round "1"]
[White "Ilijc, Milan"]
[Black "Cerovic, Danilo"]
[Result "0-1"]
[WhiteElo "2200"]
[BlackElo "2295"]
[PlyCount "62"]
[EventDate "2010.10.09"]
[EventType "team-tourn"]
[EventRounds "11"]
[EventCountry "YUG"]
[SourceTitle "EXT 2011"]
[Source "ChessBase"]
[SourceDate "2010.11.26"]
[SourceVersion "1"]
[SourceVersionDate "2010.11.26"]
[SourceQuality "1"]

1. c4 e5 2. g3 Nc6 3. Bg2 f5 4. Nc3 Nf6 5. d3 Bb4 6. Bd2 0-0 7. e3 Bxc3 8. Bxc3 d6 9. Ne2 Qe8 10. 0-0 Bd7 11. b4 Qh5 12. b5 Nd8 13. d4 e4 14. Nf4 Qf7 15. d5 Qe7 16. a4 Nf7 17. Qd4 b6 18. a5 Ne5 19. Ra2 g5 20. Ne2 Qf7 21. Rfa1 Rac8 22. Kh1 Qh5 23. Ng1 Nfg4 24. h3 Rf6 25. Bf1 Rcf8 26. Kg2 f4 27. exf4 gxf4 28. Qxe4 fxg3 29. Bxe5 Nxf2 30. Qe3 Bxh3+ 31. Kxg3 Rg6+ 0-1

[Event "Belgrade-chT Quality"]
[Site "Belgrade"]
[Date "2009.11.02"]
[Round "10"]
[White "Ilijc, Milan"]
[Black "Kostic, Milutin B"]
[Result "1/2-1/2"]
[WhiteElo "2189"]
[BlackElo "2292"]
[PlyCount "30"]
[EventDate "2009.10.11"]
[EventType "team-tourn"]
[EventRounds "11"]
[EventCountry "YUG"]
[SourceTitle "CBM 133 Extra"]
[Source "ChessBase"]
[SourceDate "2010.01.05"]
[SourceVersion "1"]
[SourceVersionDate "2010.01.05"]
[SourceQuality "1"]

1. c4 Nf6 2. b3 g6 3. Bb2 Bg7 4. Nf3 0-0 5. g3 c6 6. Bg2 d5 7. 0-0 a5 8. cxd5 cxd5 9. Nc3 Nc6 10. Rc1 e5 11. Na4 Re8 12. d3 h6 13. h3 Bd7 14. Nc5 b6 15. Nxd7 Qxd7 1/2-1/2

[Event "Belgrade-chT Quality"]
[Site "Belgrade"]
[Date "2009.10.24"]
[Round "4"]
[White "Ilijc, Milan"]
[Black "Blesic, Vaso"]
[Result "0-1"]
[WhiteElo "2189"]
[BlackElo "2321"]
[PlyCount "132"]
[EventDate "2009.10.11"]
[EventType "team-tourn"]
[EventRounds "11"]
[EventCountry "YUG"]
[SourceTitle "CBM 133 Extra"]
[Source "ChessBase"]
[SourceDate "2010.01.05"]
[SourceVersion "1"]
[SourceVersionDate "2010.01.05"]
[SourceQuality "1"]

1. c4 Nf6 2. g3 e5 3. Bg2 Nc6 4. Nc3 g6 5. e3 Bg7 6. Nge2 0-0 7. 0-0 d6 8. a3 Be6 9. Nd5 Qd7 10. Nec3 Nd8 11. Nxf6+ Bxf6 12. b3 Bg7 13. d4 exd4 14. exd4 c5 15. Be3 Nc6 16. Ne2 Bg4 17. f3 Rfe8 18. Bf2 Rxe2 19. Qxe2 Nxd4 20. Qd1 Bf5 21. Rc1 Re8 22. Re1 Rxe1+ 23. Bxe1 Qe6 24. Kf2 g5 25. Bd2 Nc2 26. Kg1 Nd4 27. Kf2 Qg6 28. b4 Nc2 29. Kg1 Bb2 30. bxc5 dxc5 31. Rb1 Bd4+ 32. Kh1 b6 33. Rb3 Na1 34. Re3 Bxe3 35. Bxe3 Qf6 36. g4 Nc2 37. Bc1 Bg6 38. h4 Qd4 39. Qe2 Qa1 40. Qd2 gxh4 41. f4 h3 42. Bxh3 Be4+ 43. Bg2 Qd4 44. Qe2 Qa1 45. Qd2 Bxg2+ 46. Kxg2 Nd4 47. f5 f6 48. Qe3 Qa2+ 49. Bd2 Kf7 50. Qh6 Ke8 51. Qh5+ Kd8 52. Qh6 Kc8 53. Kh3 Qxa3+ 54. Qe3 Qxe3+ 55. Bxe3 Nf3 56. Kg3 Ne5 57. Bh6 Nxc4 58. Bg7 Nd6 59. Kh4 Ne4 60. Kh5 Kd7 61. Kh6 Ke7 62. Kxh7 Kf7 63. Bh6 a5 64. Bc1 b5 65. Kh6 b4 66. g5 fxg5 0-1

[Event "Serbian New Year"]
[Site "Novi Sad"]
[Date "2009.01.16"]
[Round "1"]
[White "Ilijc, Milan"]
[Black "Andric, Nebojsa"]
[Result "0-1"]
[WhiteElo "2220"]
[BlackElo "1934"]
[PlyCount "154"]
[EventDate "2009.01.16"]
[EventType "swiss"]
[EventRounds "5"]
[EventCountry "SRB"]
[SourceTitle "EXT 2019"]
[Source "ChessBase"]
[SourceDate "2018.10.10"]
[SourceVersion "1"]
[SourceVersionDate "2018.10.10"]
[SourceQuality "1"]

1. c4 Nf6 2. g3 g6 3. Bg2 Bg7 4. Nc3 0-0 5. d4 c5 6. Nf3 d6 7. 0-0 Na6 8. e3 Bf5 9. Nh4 Qc8 10. Nxf5 gxf5 11. b3 cxd4 12. exd4 Nc7 13. Bb2 Rb8 14. Rc1 e5 15. dxe5 dxe5 16. Qe2 Qe6 17. Rfe1 e4 18. Na4 Rfd8 19. Rcd1 a6 20. Qe3 b5 21. cxb5 axb5 22. Nc5 Qc6 23. Rc1 Nfd5 24. Qe2 Qg6 25. Bxg7 Qxg7 26. Kh1 Nc3 27. Qh5 Rd5 28. b4 Nxa2 29. Rcd1 Qg6 30. Qh4 Rbd8 31. Qxd8+ Rxd8 32. Rxd8+ Kg7 33. Rd7 Qc6 34. g4 Nxb4 35. Rc1 Ne6 36. Nxe6+ Qxe6 37. Rcc7 Qa2 38. Rxf7+ Qxf7 39. Rxf7+ Kxf7 40. gxf5 Nd3 41. Kg1 Nc5 42. Kf1 b4 43. Ke2 b3 44. Kd2 Kf6 45. Bh3 h5 46. Kc3 Ke5 47. Kb2 Nd3+ 48. Kxb3 Nxf2 49. Bf1 Kxf5 50. Kc3 h4 51. Kd2 Kf4 52. Ke2 Ng4 53. Bh3 Nxh2 54. Bd7 Ng4 55. Kf1 h3 56. Bc6 Kf3 57. Kg1 Ke3 58. Bd7 Kf4 59. Bc6 Nf6 60. Kh2 Kg4 61. Bb5 Kh4 62. Bc6 Ng4+ 63. Kg1 e3 64. Kf1 Kg3 65. Ke2 Kf4 66. Kf1 Ne5 67. Bh1 Nf3 68. Ke2 Nd4+ 69. Kf1 Kg3 70. Bb7 e2+ 71. Ke1 Kf4 72. Kf2 Kg4 73. Bc8+ Kh4 74. Bb7 h2 75. Bh1 Kg4 76. Bg2 Kf4 77. Bb7 Nf3 0-1

[Event "Novi Sad Januar"]
[Site "Novi Sad"]
[Date "2009.01.11"]
[Round "5"]
[White "Ilijc, Milan"]
[Black "Elez, Nikola"]
[Result "0-1"]
[WhiteElo "2220"]
[BlackElo "2078"]
[PlyCount "176"]
[EventDate "2009.01.10"]
[EventType "swiss"]
[EventRounds "5"]
[EventCountry "SRB"]
[SourceTitle "EXT 2019"]
[Source "ChessBase"]
[SourceDate "2018.10.10"]
[SourceVersion "1"]
[SourceVersionDate "2018.10.10"]
[SourceQuality "1"]

1. c4 d6 2. g3 e5 3. Bg2 g6 4. Nc3 Bg7 5. e3 f5 6. Nge2 Nf6 7. d3 0-0 8. 0-0 c6 9. Rb1 Be6 10. f4 exf4 11. Nxf4 Bf7 12. Bd2 Nbd7 13. Qe2 Ne5 14. Nh3 h6 15. b3 Kh7 16. e4 fxe4 17. Nxe4 Nxe4 18. Bxe4 d5 19. Bg2 dxc4 20. dxc4 Be6 21. Bf4 Bg4 22. Qc2 Bf5 23. Qd1 Bxb1 24. Qxb1 Qd3 25. Be4 Qxb1 26. Rxb1 Rae8 27. Nf2 Nf7 28. Rd1 Rd8 29. Re1 Bd4 30. h4 Kg7 31. Kg2 Bxf2 32. Kxf2 Nd6 33. Bf3 Rfe8 34. Rxe8 Nxe8 35. Ke2 Nd6 36. g4 Nf7 37. g5 hxg5 38. hxg5 Re8+ 39. Kf2 Ne5 40. Be2 Nd7 41. Bg4 Nc5 42. Be3 Nd3+ 43. Ke2 Nc1+ 44. Kd2 Nxa2 45. Bxa7 Nb4 46. Kc3 Na6 47. b4 Nc7 48. Bd4+ Kf7 49. Kd3 Ra8 50. Kc2 Ne6 51. Be3 Ra2+ 52. Kd3 Rg2 53. Bf3 Rg3 54. Bh1 Nxg5 55. b5 cxb5 56. cxb5 Ne6 57. Ke2 b6 58. Bxb6 Rb3 59. Bc6 Ke7 60. Kd2 Kd6 61. Kc2 Rb4 62. Kc3 Rb1 63. Kc4 g5 64. Bf2 Rb2 65. Bg3+ Nf4 66. Be4 Kc7 67. Kc5 Rb3 68. Bh2 Rb2 69. Bg3 Rb3 70. Bh2 Rc3+ 71. Kd4 Rc1 72. Ke3 Rc3+ 73. Kd4 Rh3 74. Bxf4+ gxf4 75. Bg2 Re3 76. Bf1 Kb6 77. Bd3 Re1 78. Be4 Kxb5 79. Bb7 Kb6 80. Ba8 Kc7 81. Bf3 Kd6 82. Be4 Ke6 83. Bb7 Kf6 84. Kd3 Kg5 85. Kd2 Re7 86. Bf3 Kh4 87. Be2 Kg3 88. Ke1 f3 0-1